Руководство к химическому анализу сточных вод: пер. с нем.

Detalles Bibliográficos
Outros autores: Рашкович С. Л. (редактор)
Idioma:ruso
Publicado: СПб., Издание К. Л. Риккера, 1903
Subjects:
Formato: MixedMaterials Libro
KOHA link:https://koha.lib.tpu.ru/cgi-bin/koha/opac-detail.pl?biblionumber=174061

MARC

LEADER 00000nam0a2200000 4500
001 174061
005 20231031164603.0
035 |a (RuTPU)RU\TPU\book\188759 
090 |a 174061 
100 |a 20100118d1903 k y0rusy50 ca 
101 1 |a rus  |c ger 
102 |a RU 
105 |a a z 001zy 
200 1 |a Руководство к химическому анализу сточных вод  |e пер. с нем.  |f под ред. С. Л. Рашковича 
210 |a СПб.  |c Издание К. Л. Риккера  |d 1903 
215 |a 56 с.  |c ил. 
320 |a Библиогр. в примеч. 
610 1 |a сточные воды 
610 1 |a химический анализ 
610 1 |a пробы 
610 1 |a исследование 
610 1 |a состав 
610 1 |a водоемы 
610 1 |a охрана 
610 1 |a воды 
675 |a 628.31  |v 3 
702 1 |a Рашкович  |b С. Л.  |4 340 
801 1 |a RU  |b 63413507  |c 20100118 
801 2 |a RU  |b 63413507  |c 20170208  |g RCR 
942 |c BK